000 00604cam a22002054a 4500
005 20250605164202.0
008 250528s ||||||||||||||||||||||||d
035 _a19766
020 _a996364600X
040 _aGR-AtMCL
_bgre
_dGR-AtMCL
_eAACR2
245 1 _aΠΕΙΘΑΡΧΙΑ ΓΙΑΤΙ ΚΑΙ ΠΩΣ
250 _a1
260 _bΤαμασος,
_c1979
300 _a94
520 _aΠΕΡΙΛΑΜΒΑΝΕΤΑΙ ΚΑΙ ΤΟ "ΠΑΙΔΙΚΗ ΕΠΙΘΕΤΙΚΟΤΗΤΑ" ΤΩΝ EDITH, LESSER & ATKIN.
700 1 _aAuerbach Aline B.
_95962
942 _cBK
999 _c5022
_d5022